| 000 | 01619nam0a2200313 4500 | ||
|---|---|---|---|
| 001 | RU\NLR\BIBL_A\012148372 | ||
| 005 | 20191211120135.0 | ||
| 010 |
_a978-5-7389-2955-7 _9100 |
||
| 021 |
_aRU _bКН-П-19-082013 _9КН-П-19-5962 |
||
| 035 | _a(NLR Aleph) 012148372 | ||
| 035 | _a(RuMoRGB)010139029 | ||
| 090 |
_a12134991 _c12134991 |
||
| 100 | _a20191128d2019 u y0rusy50 ca | ||
| 101 | 0 | _arus | |
| 102 | _aRU | ||
| 105 | _ay z ||000z | ||
| 200 | 1 |
_aПраво Российской империи (XVIII - начало XX века) _eучебное пособие _fЛ. Н. Булдыгерова _gМинистерство науки и высшего образования Российской Федерации, Федеральное государственное бюджетное образовательное учреждение высшего образования "Тихоокеанский государственный университет" |
|
| 210 |
_aХабаровск _cИзд-во ТОГУ _d2019 |
||
| 215 |
_a227, [1] с. _d21 |
||
| 320 | _aБиблиогр.: с. 105-106 (15 назв.) и в подстроч. примеч. | ||
| 606 | 1 |
_aПраво _jУчебные издания для высших учебных заведений _xИстория _yРоссия _z18 - 20 вв. _92393715 _3RU\NLR\AUTH\661427300 |
|
| 686 | 1 | _aХ2(2)4я73 | |
| 686 | 1 | _aХ2(2)5я73 | |
| 700 | 1 |
_aБулдыгерова _bЛ. Н. _gЛюдмила Николаевна |
|
| 942 | _cBOOK | ||
| 980 | _aNBR | ||
| 980 | _aNB | ||